Exploring marketing research

Αποθηκεύτηκε σε:
Λεπτομέρειες βιβλιογραφικής εγγραφής
Κύριος συγγραφέας: Zikmund, William G.
Μορφή: Βιβλίο
Γλώσσα:English
Δημοσίευση: Chicago, Fort Worth : Dryden Press, 1991
Θέματα:
Ετικέτες: Προσθήκη ετικέτας
Δεν υπάρχουν, Καταχωρήστε ετικέτα πρώτοι!

MARC

LEADER 00000nam a2200000 i 4500
001 1/37314
008 950905s1991 eng d
020 |a 0030515629 
035 |l 10024653 
040 |a GR-MY-UA  |b gre  |e aacr 
041 0 |a eng 
082 0 |a 658.83 
100 1 |a Zikmund, William G. 
245 1 0 |a Exploring marketing research /  |c William G. Zikmund 
260 |a Chicago, Fort Worth :   |b Dryden Press,   |c 1991 
500 |a Includes bibliographical references and index 
650 0 0 |a Markerting research. 
852 |a INST  |b CHIOS  |e 19950905  |h 658.83 ZIK  |p 005200003098  |q 005200003098  |t BK  |y 0 
909 |a Χ  |b 031006